Inštitucionalizmus ako metóda skúmania algoritmickej spravodlivosti

Otázky limitov algoritmickej spravodlivosti a algoritmického výkonu moci verejnej. Posúdenie vhodnosti metodológie pre analýzu vybraného okruhu otázok. Hľadanie metódy vedúcej nielen k pochopeniu právnej podstaty problému, ale aj k lepším rozhodnutiam o nutnej regulácii a regulatórnom prístupe. Def...

Full description

Saved in:
Bibliographic Details
Main Author: Krištofík, Andrej
Format: Book Chapter
Language:Slovak
Subjects:
Tags: Add Tag
No Tags, Be the first to tag this record!

MARC

LEADER 00000naa a2200000 4500
001 0304883
005 20241031094508.8
041 0 |a slo 
044 |a SK 
245 1 0 |a Inštitucionalizmus ako metóda skúmania algoritmickej spravodlivosti  |c Andrej Krištofík 
520 |a Otázky limitov algoritmickej spravodlivosti a algoritmického výkonu moci verejnej. Posúdenie vhodnosti metodológie pre analýzu vybraného okruhu otázok. Hľadanie metódy vedúcej nielen k pochopeniu právnej podstaty problému, ale aj k lepším rozhodnutiam o nutnej regulácii a regulatórnom prístupe. Definícia Weinbergerovho inštitucionalizmu. 
610 2 0 |a inštitucionalizmus 
610 2 0 |a algoritmy 
610 2 0 |a spravodlivosť 
610 2 0 |a moc verejná 
610 2 0 |a metódy výskumu 
100 1 |a Krištofík, Andrej